书目信息 |
| 题名: |
数字系统计算机辅助设计
|
|
| 作者: | 卢因 , Lewin 著 ;赵兴耀 , 秦瑞祺 译 | |
| 分册: | ||
| 出版信息: | 北京 科学出版社 1983 |
|
| 页数: | 368页 | |
| 开本: | 19cm | |
| 丛书名: | ||
| 单 册: | ||
| 中图分类: | TP391.72 , TP33 | |
| 科图分类: | ||
| 主题词: | 计算机辅助设计-数字系统 , 数字系统-计算机辅助设计 , 电子数字计算机 | |
| 电子资源: | ||
| ISBN: | ||
| 000 | 01006nam0 2200337 45 | |
| 001 | 0183005161 | |
| 005 | 20040520092851.0 | |
| 010 | @dCNY1.80 | |
| 091 | @a15031.474 | |
| 100 | @a19950720d1983 emky0chiy0121 ea | |
| 101 | 1 | @achi@ceng |
| 102 | @aCN@b110000 | |
| 105 | @ay z 000yy | |
| 106 | @ar | |
| 200 | 10 | @a数字系统计算机辅助设计@Ashu zi xi tong ji suan ji fu zhu she ji@f(英)卢因(D.Lewin)著@g赵兴耀,秦瑞祺译 |
| 210 | @a北京@c科学出版社@d1983 | |
| 215 | @a368页@d19cm | |
| 300 | @a书名原文:Computer-Aided Control System Design | |
| 510 | 1 | @aComputer-Aided Control System Design@zeng |
| 606 | @a计算机辅助设计-数字系统 | |
| 606 | @a数字系统-计算机辅助设计 | |
| 606 | 0 | @a电子数字计算机 |
| 690 | @aTP391.72@v3 | |
| 690 | @aTP33 | |
| 701 | 1 | @a卢因@Alu yin@bD.@4著 |
| 701 | A1 | @aLewin@bD.@4著 |
| 702 | 0 | @a赵兴耀@Azhao xing yao@4译 |
| 702 | 0 | @a秦瑞祺@Aqin rui qi@4译 |
| 801 | 0 | @aCN@b上海图书馆@c20040520 |
| 801 | 2 | @aCN@bNLC@c20040520 |
| 905 | @f1@b136660@dTP33@e36 | |
| 数字系统计算机辅助设计/(英)卢因(D.Lewin)著/赵兴耀,秦瑞祺译.-北京:科学出版社,1983 |
| 368页;19cm |
| 书名原文:Computer-Aided Control System Design |
| ISBN :CNY1.80 |
| ● |
| 相关链接 |
|
|
|
|
正题名:数字系统计算机辅助设计
索取号:TP33/36
 
预约/预借
| 序号 | 登录号 | 条形码 | 馆藏地/架位号 | 状态 | 备注 |
| 1 | 0136660 | 001635626 | 第三借阅区/ [索取号:TP33/36] | 在馆 | |
| 2 | 0136661 | 202127803 | 第二样本阅览室/ [索取号:TP33/36] | 在馆 |